000 00323nam a22001337a 4500
005 20231006151223.0
008 231006b ||||| |||| 00| 0 eng d
040 _cAL
041 _aEnglish
082 _223
_a792
_bPRIW
100 _aPRIESTLEY (J B)
_9136486
245 _aWonderful world of the theatre
942 _2ddc
_cBK
999 _c228921
_d228921